000 00395nam a22001577a 4500
005 20180321121352.0
008 160513b xxu||||| |||| 00| 0 eng d
041 _aeng
082 _b2035
_a338.5024658
100 _aD.N. Dwivedi
_9574
245 _aManagerial Economics
260 _aNew Delhi
_bVikas Publishing House (P) Ltd.
_c2008
300 _a695
650 _aManagement
_9241
942 _cBK
999 _c746
_d746